| 000 | 01472nam a2200241Ia 4500 | ||
|---|---|---|---|
| 003 | Ost | ||
| 005 | 20260507075258.0 | ||
| 008 | 260507s9999||||xx |||||||||||||| ||und|| | ||
| 040 | _cfsecg | ||
| 041 | _aara | ||
| 082 | _a330 | ||
| 100 |
_aابو قحف، عبد السلام _eمؤلف |
||
| 245 | 0 |
_aالتسويق / _c عبد السلام ابو قحف |
|
| 260 |
_aالاسكندرية: _bالمكتب الجامعي الحديث, _c2006 |
||
| 300 |
_a445 صفحة؛ _bإيضاحات ؛ _c24 سم |
||
| 520 | _aمقدمة عن النشاط التسويقي ، البيئة التسويقية و بحوث التسويق و نظم دعم القرار، التخطيط الاستراتيجي للتسويق ، القطاعات التسويقية و دراسة سلوك الشراء و اتخاذ القرار ، أسواق الاعمال و السلوك الشرائي للمنظمات ، المزيج التسويقي : المنتج ، التسعير ، الاتصالات التسويقية و قنوات التوزيع و قضايا معاصرة في التسويق : الاستثمار في العملات و الميزة التنافسية ، تسويق العلاقات و التسويق الالكتروني. | ||
| 653 | _aأدارة المبيعات | ||
| 653 | _aالترويج | ||
| 653 | _aالتسويق | ||
| 700 |
_aالغرباوي، علاء _eمؤلف ثانوي |
||
| 700 |
_aعباس، نبيلة _eمؤلف ثانوي |
||
| 942 | _cكتاب | ||
| 999 |
_c43775 _d43775 |
||